| 000 | 00636nam a22002057a 4500 | ||
|---|---|---|---|
| 999 |
_c9131 _d9131 |
||
| 003 | AR-CdUCM | ||
| 008 | 190327b ||||| |||| 00| 0 spa d | ||
| 040 |
_aMUNICIPALIDAD PROVINCIAL DEL CUSCO _cBIBLIOTECA MUNICIPAL DEL CUSCO |
||
| 082 |
_a869.56 / _bZ47 |
||
| 100 |
_aZavaleta, C.E. _92332 |
||
| 245 | _aEl cristo Villenas / | ||
| 260 |
_aLima : _bEditorial Amauta S.A. , _c1955. |
||
| 300 |
_a13 páginas ; _c22.5 cm. |
||
| 500 | _aContiene dedicatoria a Luis Nieto | ||
| 650 |
_aLiteratura Peruana _9132 |
||
| 650 |
_aLiteratura Indigenista _925158 |
||
| 650 |
_aLiteratura Dedicada _925159 |
||
| 942 |
_2ddc _cLIBROS |
||
| 945 | _artm | ||